Statistiques concernant Élimination par catégorie - Cantons suisses #2

Cliquez ici pour prendre le quiz!

Statistiques générales

  • Ce quiz a été pris 159 fois
  • Le résultat moyen est 15 sur 20

Statistiques - réponses

Groupe#Catégorie% Correct
Vert20Canton suisse-allemand
99%
Vert12... dont le chef-lieu a plus de 6 lettres
96%
Orange21Canton qui s'écrit en un seul mot
93%
Vert6... qui a plus de 100'000 habitants
93%
Orange13... et qui n'a pas d'université
91%
Bleu15Canton de plus de 800km carrés
89%
Vert3... qui est frontalier du canton de Schwytz
89%
Bleu9... avec du rouge sur son drapeau
88%
Violet18Canton dont le drapeau ne comporte pas d'animal
86%
Orange9... ni d'équipe jouant en Swiss Football league (ligue 1 et 2)
85%
Violet11... qui a rejoint la Suisse avant 1800
83%
Bleu3... mais pas de blanc
82%
Orange4... qui ne possède qu'un siège au Conseil national
75%
Bleu2... avec du jaune
73%
Violet3... à majorité protestante
63%
Violet2... dont l'altitude maximale culmine à moins de 1'300 mètres
54%
Bleu1... et où la capitale de la Suisse ne se situe pasUri
50%
Orange1... avec une altitude moyenne de plus de 1'300 mètresObwald
49%
Vert1... mais pas du canton de ZougSaint-Gall
46%
Violet1... et de moins de 500'000 habitantsBâle-campagne
20%

Distribution des résultats

Percentile par nombre de réponses

% des personnes avec chaque résultat

Votre développement - résultats

Vous n’avez pas pris ce quiz